000 00345nam a22001337a 4500
020 _a8121906660
082 _a621.3 IND
100 _aC. S. Indulkar
245 _aAn introduction to electrical engineering materials
260 _aNew Delhi
_bS. Chand
_c2013
300 _a379p.
_bill.;
650 _aElectrical Engineering
_aMaterials
942 _cBK
999 _c13546
_d13546